000
00298nam a2200121Ia 4500
008
190216s9999||||xx |||||||||||||| ||und||
100
_a
Vasudevan & Ghosh
245
0
_a
Business Administration And Management
260
_b
New Heights
_c
1979
300
_a
500p
650
_a
Commerce
942
_c
BK
999
_c
4196
_d
4196